Engineering Drawing / (Record no. 36613)

MARC details
000 -LEADER
fixed length control field 00549nam a22002057a 4500
005 - DATE AND TIME OF LATEST TRANSACTION
control field 20241003143125.0
008 - FIXED-LENGTH DATA ELEMENTS--GENERAL INFORMATION
fixed length control field 241003b |||||||| |||| 00| 0 eng d
020 ## - INTERNATIONAL STANDARD BOOK NUMBER
ISBN 978-81-317-1056-2
082 ## - DEWEY DECIMAL CLASSIFICATION NUMBER
Classification number 604.2
Item number SHA-E
100 ## - MAIN ENTRY--AUTHOR
Author Name Shah, M.B
245 ## - TITLE STATEMENT
Title Engineering Drawing /
Statement of responsibility, etc. M.B Shah, and B.C Rana
250 ## - EDITION STATEMENT
Edition statement 2nd ed.
260 ## - PUBLICATION, DISTRIBUTION, ETC.
Place of Publication India :
Name of publisher, distributor, etc. Pearsons ;
Date of publication, distribution, etc. 2018.
300 ## - PHYSICAL DESCRIPTION
Pages 551 p. :
500 ## - GENERAL NOTE
General note Include index.
650 ## - SUBJECT ADDED ENTRY--TOPICAL TERM
Subject / Department Engineering /Civil
650 ## - SUBJECT ADDED ENTRY--TOPICAL TERM
Subject / Department Engineeering/Mechanical
700 ## - ADDED ENTRY--PERSONAL NAME
Personal name Rana, B.C
300 ## - PHYSICAL DESCRIPTION
-- ill ;
-- 24 cm.
952 ## - LOCATION AND ITEM INFORMATION (KOHA)
-- 0
-- 0
952 ## - LOCATION AND ITEM INFORMATION (KOHA)
-- 0
-- 0
952 ## - LOCATION AND ITEM INFORMATION (KOHA)
-- 0
-- 0
Holdings
Lost status Damaged status Collection code Permanent Location Current Location Shelving Location Date acquired Full Call Number Accession No./Barcode Date last seen Copy number item type Koha item type
    Engineering Superior Information Resource Center (SIRC) Superior University- Main Campus Superior Information Resource Center (SIRC) Superior University- Main Campus Civil/Mechanical 10/03/2024 604.2 SHA-E 2018 29460 10/03/2024 1 BOOK BOOK
    Engineering Superior Information Resource Center (SIRC) Superior University- Main Campus Superior Information Resource Center (SIRC) Superior University- Main Campus Civil/Mechanical 10/03/2024 604.2 SHA-E 2018 29461 10/03/2024 2 BOOK BOOK
    Engineering Superior Information Resource Center (SIRC) Superior University- Main Campus Superior Information Resource Center (SIRC) Superior University- Main Campus Civil/Mechanical 10/03/2024 604.2 SHA-E 2018 29462 10/03/2024 3 BOOK BOOK

Powered by Koha